| 000 | 00602nam a22001457a 4500 | ||
|---|---|---|---|
| 999 |
_c60774 _d60774 |
||
| 005 | 20231019173443.0 | ||
| 008 | 231019s1967 ru ||||| |||| 00| 0 rus d | ||
| 041 | _arus | ||
| 080 | _a631.5(091) B-64 | ||
| 245 |
_aВозникновение И Развитие Земледелия / _cОтветственные Редакторы В. Д. Блаватский И А. В. Никитин. |
||
| 264 |
_aмосква : _bНаука, _c1967. |
||
| 300 |
_a 231 стр.: _bил.; _c20 см. |
||
| 653 | _aსოფლის მეურნეობის განვითარება. | ||
| 942 |
_2udc _cBK |
||